000 00663nam a2200205Ia 4500
003 GCL
008 140319s9999 xx 000 0 ara d
040 _aGCL /
_cGCL
082 0 4 _a377.1
_bع ت
100 1 _aعبدالغنى العبود
245 1 0 _aالتربية الاسلامية فى القرن الخامس عشر الهجرى /
_cعبدالغنى العبود
260 _a[S.N] :
_bدار الفكر العربى ،
_c1982
300 _a231 ص
490 _a
650 0 4 _aالتعليم
650 0 4 _aالتربية
650 0 4 _aالتربية الاسلامية
650 0 4 _aالقرن الخامس عشر الهجرى
942 _2ddc
_cBK
999 _c32391
_d32391